Normale Ansicht MARC-Ansicht ISBD

Sowjetrußland von Stalins Tod bis Chruschtschows Sturz : (Titelsatznr. 48430)

[ MARC ]
MARC-Details
000 -Satzkennung
Kontrollfeld mit fester Länge 00534nam a22001931c 4500
001 - Kontrollnummer
Kontrollfeld a987688737
008 - Feld mit fester Länge zur physischen Beschreibung - Allgemeine Angaben
Kontrollfeld mit fester Länge 171123s1964 gw |||| 000u ger d
041 ## - Sprachcode
Sprachcode des Textes/der Tonspur oder des separaten Titels ger
040 ## - Katalogisierungsquelle
Übertragungsstelle RU-10907106
003 - Kontrollnummer Identifier
Kontrollfeld RU-10907106
100 1# - Haupteintragung - Personenname
Personenname Arnold, Theodor
245 00 - Titel
Titel Sowjetrußland von Stalins Tod bis Chruschtschows Sturz :
Zusatz zum Titel 1953 - 1964 /
Verfasserangabe etc. Theodor Arnold
264 ## - Produktion, Veröffentlichung, Distribution, Herstellung und Urheberrechtsvermerk
Herstellungs-, Veröffentlichungs- Vertriebs-, Erzeugungsort München :
Produzent, Herausgeber, Distributor, Hersteller Kopernikus-Verl.,
Datum der Herstellung, der Veröffentlichung, des Vertriebs oder des Urheberschutzvermerks 1964
300 ## - Physische Beschreibung
Umfang 104 S.
490 #0 - Gesamttitelangabe
Gesamttitelangabe Geschichte Sowjetrußlands, 2
648 #0 - Nebeneintragung unter einem Schlagwort - Zeitschlagwort
Zeitschlagwort 1953-1964
651 #0 - Nebeneintragung unter einem Schlagwort - Geografischer Name
Geografischer Name Sowjetunion
942 ## - Zusätzliche Felder (Koha)
Koha-Medientyp Monographien
Exemplare
Ausgeschieden Verloren Klassifikation oder Aufstellungssystematik Beschädigt Nicht entleihbar Heimatbibliothek Aufenthaltsbibliothek Aufstellungsort Erwerbungsdatum Inventarnummer Signatur Barcode Letzte Aktivität Preis gültig von Koha-Medientyp
    Andere/Generische Klassifikation     MWN Osteuropa MWN Osteuropa Magazin - 2 23/11/2017 17-04680 Ersatzß R 64 b Arn E004015079092685 23/02/2021 22/03/2021 Monographien